[Event "Valencia Monteolivete op 4th"]
[White "Hernandez Torralba, Jose Joaquin"]
[Black "Mezquita Salas, Eloy"]
[Site "Valencia"]
[Round "5"]
[Result "1-0"]
[Date "2024.07.17"]
[WhiteElo "2118"]
[BlackElo "1809"]
[PlyCount "21"]
[EventDate "2024.07.15"]
[EventType "swiss"]
[EventRounds "9"]
[EventCountry "ESP"]
[SourceTitle "EXT 2025"]
[Source "ChessBase"]
[SourceDate "2024.10.14"]
[SourceVersion "1"]
[SourceVersionDate "2024.10.14"]
[SourceQuality "1"]

1. e4 e5 2. Nf3 Nc6 3. c3 Nf6 4. d4 Nxe4 5. d5 Ne7 6. Nxe5 d6 7. Qa4+ c6 8. dxc6 Nxc6 9. Nxc6 Nc5 10. Nxd8+ Nxa4 11. Bb5+ 1-0

[Event "Monteolivete op 3rd"]
[White "Mezquita Salas, Eloy"]
[Black "Rudecki, Bartosz"]
[Site "Alboraia"]
[Round "1"]
[Result "0-1"]
[Date "2023.07.17"]
[WhiteElo "1327"]
[BlackElo "1868"]
[PlyCount "58"]
[EventDate "2023.07.17"]
[EventType "swiss"]
[EventRounds "9"]
[EventCountry "ESP"]
[SourceTitle "CBM 215 Extra"]
[Source "ChessBase"]
[SourceDate "2023.09.30"]
[SourceVersion "1"]
[SourceVersionDate "2023.09.30"]
[SourceQuality "1"]

1. e4 e5 2. Nf3 Nc6 3. Bc4 Nf6 4. d4 exd4 5. 0-0 Nxe4 6. Re1 d5 7. Bxd5 Qxd5 8. Nc3 Qa5 9. Nxe4 Be6 10. Neg5 0-0-0 11. Nxe6 fxe6 12. Rxe6 Bc5 13. Bg5 Rde8 14. Qe2 Kd7 15. Re1 Qxe1+ 16. Qxe1 Rxe6 17. Qd2 Rhe8 18. h3 Kc8 19. a3 a5 20. Bf4 h6 21. Qd3 Bd6 22. Bxd6 Rxd6 23. Qf5+ Kb8 24. Nd2 Re1+ 25. Kh2 Rf6 26. Qd5 Rxf2 27. Ne4 Rxc2 28. Nc5 Ree2 29. Qg8+ Ka7 0-1